LEADER 01145nam0-2200313---450- 001 990009401500403321 005 20110720144727.0 035 $a000940150 035 $aFED01000940150 035 $a(Aleph)000940150FED01 035 $a000940150 100 $a20110720d1982----km-y0itay50------ba 101 0 $aita 102 $aIT 105 $af-------001yy 200 1 $aArchitettura e cultura religiosa a Sala tra 4. e 19. secolo$ecatalogo della Mostra sui beni culturali$eSala Consilina, luglio-settembre 1982$fa cura di Enrico Spinelli 210 $aSala Consilina$cBiblioteca comunale$d1982 215 $a39 p., 39 c. di tav.$d22 cm 225 1 $a<>beni culturali$iArchitettura$v2 300 $aIn testa al frontespizio: Comune di Sala Consilina, Assessorato ai beni culturali, Biblioteca comunale 610 0 $aArchitettura sacra$aSala Consilina$aSec. 4.-19. 702 1$aSpinelli,$bEnrico 801 0$aIT$bUNINA$gRICA$2UNIMARC 901 $aBK 912 $a990009401500403321 952 $a50.305$bs.i.$fDARST 959 $aDARST 996 $aArchitettura e cultura religiosa a Sala tra 4. e 19. secolo$9764976 997 $aUNINA LEADER 01675nam 2200409 n 450 001 996391919303316 005 20221108090201.0 035 $a(CKB)1000000000678223 035 $a(EEBO)2240870504 035 $a(UnM)99854946 035 $a(EXLCZ)991000000000678223 100 $a19920810d1632 uy | 101 0 $aeng 135 $aurbn||||a|bb| 200 02$aA treatise of modesty and silence. Composed by the Reuerend Father, F. Alfonso Rodriguez of the Society of Iesus. Translated into English$b[electronic resource] 210 $a[Saint-Omer $cWidow of C. Boscard]$dPermissu superiorum. 1632 215 $a[2], 74, [2] p 300 $aA translation from the original Spanish of Alfonso Rodríguez. 300 $aPlace of publication and printer's name from STC. 300 $aAnother issue of leaves A1-E5 of STC 21149.5, with added title page and table; title page and table are conjugate. 300 $aReproduction of the original in the Cambridge University Library. 330 $aeebo-0021 606 $aModesty$xReligious aspects$vEarly works to 1800 606 $aSilence$xReligious aspects$vEarly works to 1800 606 $aPrayer$vEarly works to 1800 615 0$aModesty$xReligious aspects 615 0$aSilence$xReligious aspects 615 0$aPrayer 700 $aRodri?guez$b Alfonso$f1526-1616.$01002006 801 0$bCu-RivES 801 1$bCu-RivES 801 2$bCStRLIN 801 2$bWaOLN 906 $aBOOK 912 $a996391919303316 996 $aA treatise of modesty and silence. Composed by the Reuerend Father, F. Alfonso Rodriguez of the Society of Iesus. Translated into English$92405365 997 $aUNISA